Visualizzazione normale
Vista MARC
- Snow Mark
di Personal Name
Records bibliografici associati: 1
001 - CONTROL NUMBER
- control field: 48875
003 - CONTROL NUMBER IDENTIFIER
- control field: IT-RoPau
005 - DATE AND TIME OF LATEST TRANSACTION
- control field: 20151201215230.0
008 - FIXED-LENGTH DATA ELEMENTS
- fixed length control field: 151201|| aca||aabn | a|a d
040 ## - CATALOGING SOURCE
- Original cataloging agency: IT-RoPau
- Transcribing agency: IT-RoPau
100 ## - HEADING--PERSONAL NAME
- Personal name: Snow Mark
- Relator term: (musica)
- Miscellaneous information: Codice Musica SPICS: 32605
670 ## - SOURCE DATA FOUND
- Source citation: Work cat.: (IT-RoPau)106810: Robe Mike Codice regista SPICS: 32604 48871, ULTIME NOTIZIE ULTIME NOTIZIE (Rif. Codice opera principale : 90481)